Central Library OPAC University of Rajshahi

Salisbury Plain : (Record no. 77285)

MARC details
000 -LEADER
fixed length control field 00970nam a2200313 a 4500
001 - CONTROL NUMBER
control field 77285
003 - CONTROL NUMBER IDENTIFIER
rucl marc code BD-RjUL
005 - DATE AND TIME OF LATEST TRANSACTION
control field 20211209082944.0
008 - FIXED-LENGTH DATA ELEMENTS--GENERAL INFORMATION
fixed length control field 200310s1966 enk 000 0 eng u
035 ## - SYSTEM CONTROL NUMBER
System control number 66-73001
System control number (OCoLC)554567
040 ## - CATALOGING SOURCE
Original cataloging agency CWR
Language of cataloging eng
Transcribing agency BD-RjUL
041 ## - LANGUAGE CODE
Language code of text/sound track or separate title eng
082 ## - DEWEY DECIMAL CLASSIFICATION NUMBER
Classification number 821.7
Author mark and year WES 1966
092 ## - LOCALLY ASSIGNED DEWEY CALL NUMBER (OCLC)
Classification number D0400291232
100 1# - MAIN ENTRY--PERSONAL NAME
Personal name Welsford, Enid.
9 (RLIN) 70233
245 10 - TITLE STATEMENT
Title Salisbury Plain :
Remainder of title a study in the development of Wordsworth's mind and art /
Statement of responsibility, etc. By Enid Welsford.
260 ## - PUBLICATION, DISTRIBUTION, ETC. (IMPRINT)
Place of publication, distribution, etc. Oxford :
Name of publisher, distributor, etc. Basil Blackwell,
Date of publication, distribution, etc. 1966.
300 ## - PHYSICAL DESCRIPTION
Pagination viii, 171 p. ;
Size 23 cm.
504 ## - BIBLIOGRAPHY, ETC. NOTE
Bibliography, etc Bibliography : p. 166-171.
600 10 - SUBJECT ADDED ENTRY--PERSONAL NAME
Personal name Wordsworth, William,
Dates associated with a name 1770-1850.
942 ## - ADDED ENTRY ELEMENTS (KOHA)
Source of classification or shelving scheme Dewey Decimal Classification
Koha item type Books
Holdings
Lost status Source of classification or shelving scheme Damaged status Not for loan Collection code Permanent Location Current Location Shelving location Date acquired Source of acquisition Cost, normal purchase price Total Checkouts Full call number Date last seen Copy number Koha item type
  Dewey Decimal Classification     Non-fiction Central Library, University of Rajshahi Central Library, University of Rajshahi   06/03/1973 B.H. Blackwell 2.00   821.7 WES 1966 10/03/2020 C-2 Books